[Event "Rome Lazio op 15th"]
[Site "Rome"]
[Date "2022.01.04"]
[Round "4"]
[White "Maxion, Dirk"]
[Black "Giri, Andrea"]
[Result "1-0"]
[WhiteElo "2089"]
[BlackElo "1592"]
[PlyCount "69"]
[EventDate "2022.01.02"]
[EventType "swiss"]
[EventRounds "7"]
[EventCountry "ITA"]
[SourceTitle "EXT 2023"]
[Source "ChessBase"]
[SourceDate "2022.10.05"]
[SourceVersion "1"]
[SourceVersionDate "2022.10.05"]
[SourceQuality "1"]

1. e4 e6 2. d4 d5 3. Nc3 Bb4 4. e5 c5 5. a3 Bxc3+ 6. bxc3 Ne7 7. Nf3 b6 8. Bb5+ Bd7 9. Bd3 Ba4 10. h4 c4 11. Be2 h6 12. h5 Kd7 13. Rh4 Qg8 14. Rf4 Nbc6 15. Nh4 Rf8 16. g3 Qh7 17. Ra2 Kc7 18. Bg4 Nd8 19. Be3 g5 20. hxg6 fxg6 21. Ng2 Nf5 22. Bxf5 exf5 23. Rh4 Qg7 24. Nf4 Qf7 25. Rh2 g5 26. Nh5 Ne6 27. Nf6 f4 28. Bd2 fxg3 29. fxg3 Qg6 30. Qg4 Rxf6 31. exf6 Bxc2 32. Rxc2 h5 33. Qe2 Re8 34. f7 Qxf7 35. Be3 1-0